Comparison of botanical and chemical insecticides in the control of field in sects infesting chinese kale (Brassica Oleracea var. alboglabra) in royal university of agriculture; ការប្រៀបធៀបពីថ្នាំពុលធម្មជាតិ និងថ្នាំពូលគីមីក្នុងការគ្រប់គ្រងសត្វល្អិតចង្រៃលើដំណាំខាត់ណាដើមក្នុងលក្ខខណ្ឌសាកលវិទ្យាល័យភូមិន្ទកសិកម្ម្ (Record no. 11558)
[ view plain ]
| 000 -LEADER | |
|---|---|
| fixed length control field | 00972nam a22001577a 4500 |
| 003 - CONTROL NUMBER IDENTIFIER | |
| control field | OSt |
| 005 - DATE AND TIME OF LATEST TRANSACTION | |
| control field | 20170803142221.0 |
| 008 - FIXED-LENGTH DATA ELEMENTS--GENERAL INFORMATION | |
| fixed length control field | 170803b xxu||||| |||| 00| 0 eng d |
| 040 ## - CATALOGING SOURCE | |
| Transcribing agency | RUA |
| 082 ## - DEWEY DECIMAL CLASSIFICATION NUMBER | |
| Classification number | AGR SO 2016 B556 Or.1 |
| 100 ## - MAIN ENTRY--PERSONAL NAME | |
| 9 (RLIN) | 11759 |
| Personal name | SO SOPHAK; សូ សុភ័ក្ត្រ |
| 245 ## - TITLE STATEMENT | |
| Title | Comparison of botanical and chemical insecticides in the control of field in sects infesting chinese kale (Brassica Oleracea var. alboglabra) in royal university of agriculture; ការប្រៀបធៀបពីថ្នាំពុលធម្មជាតិ និងថ្នាំពូលគីមីក្នុងការគ្រប់គ្រងសត្វល្អិតចង្រៃលើដំណាំខាត់ណាដើមក្នុងលក្ខខណ្ឌសាកលវិទ្យាល័យភូមិន្ទកសិកម្ម្ |
| 260 ## - PUBLICATION, DISTRIBUTION, ETC. (IMPRINT) | |
| Place of publication, distribution, etc. | Phnom Penh |
| Name of publisher, distributor, etc. | RUA |
| Date of publication, distribution, etc. | 2016 |
| 300 ## - PHYSICAL DESCRIPTION | |
| Extent | x; 50p; |
| Other physical details | ill; |
| Dimensions | 29cm; |
| 942 ## - ADDED ENTRY ELEMENTS (KOHA) | |
| Source of classification or shelving scheme | |
| Koha item type | AGR |
| Price effective from | Date last seen | Permanent Location | Not for loan | Date acquired | Source of classification or shelving scheme | Koha item type | Lost status | Withdrawn status | Total Renewals | Date last checked out | Total Checkouts | Shelving location | Damaged status | Barcode | Current Location | Full call number |
|---|---|---|---|---|---|---|---|---|---|---|---|---|---|---|---|---|
| 2017-08-03 | 2017-08-03 | Library Block B | 2017-08-03 | AGR | B556 | A12883 | Library Block B | AGR SO 2016 B556 Or.1 | ||||||||
| 2017-08-03 | 2025-06-10 | Library Block B | 2017-08-03 | AGR | 2025-05-09 | 2 | B556 | A12422 | Library Block B | AGR SO 2016 B556 Or.2 | ||||||
| 2017-08-03 | 2025-06-03 | Library Block B | 2017-08-03 | AGR | 2025-02-18 | 1 | B556 | A12715 | Library Block B | AGR SO 2016 B556 Or.3 | ||||||
| 2017-08-03 | 2025-04-07 | Library Block B | 2017-08-03 | AGR | 2025-03-01 | 2 | B556 | A12613 | Library Block B | AGR SO 2016 B556 Or.4 | ||||||
| 2017-08-03 | 2017-08-03 | Library Block B | 2017-08-03 | AGR | B556 | Library Block B | AGR SO 2016 B556 Or.5 | |||||||||
| 2017-08-03 | 2025-06-13 | Library Block B | 2017-08-03 | AGR | 2025-05-07 | 5 | B556 | A12738 | Library Block B | AGR SO 2016 B556 Or.6 | ||||||
| 2017-08-03 | 2025-05-09 | Library Block B | 2017-08-03 | AGR | 2025-02-05 | 2 | B556 | A12806 | Library Block B | AGR SO 2016 B556 Or.7 | ||||||
| 2017-08-03 | 2019-11-20 | Library Block B | 2017-08-03 | AGR | 3 | 2019-10-22 | 9 | B556 | A12701 | Library Block B | AGR SO 2016 B556 Or.8 |